| 000 | 00886nam a22002775i 4500 | ||
|---|---|---|---|
| 001 | 11428 | ||
| 003 | ES-MaACL | ||
| 005 | 20230906150111.0 | ||
| 007 | t| | ||
| 008 | 950512s1994 sp ||||0| spa j | ||
| 020 | _a84-7100-615-4 | ||
| 040 |
_aM-BN _bspa _cM-BN |
||
| 080 | _a711.4(8=60)(091) | ||
| 080 | _a918(=60) | ||
| 100 | 1 |
_aAguilera Rojas, Javier. _918780 |
|
| 245 | 1 | 0 |
_aFundación de ciudades hispanoamericanas / _cJavier Aguilera Rojas. |
| 260 |
_aMadrid : _bMAPFRE, _cD.L. 1994. |
||
| 300 |
_a395 p ; _c23 cm. |
||
| 490 | 1 |
_aColección Ciudades de Iberoamérica ; _v16 |
|
| 504 | _aBibliografía. Indice. | ||
| 650 |
_aCiudades- _zAmérica española- _vHistoria. _911070 |
||
| 650 | 4 |
_aUrbanismo- _zAmérica española. _917693 |
|
| 830 | 0 |
_aColección Ciudades de Iberoamérica ; _v16 _9179074 |
|
| 852 |
_aES-MaACL _jL-18753 _bR.124038 |
||
| 999 |
_c11428 _d11428 |
||